| Record ID | ia:lastritesnovel00harv |
| Source | Internet Archive |
| Download MARC XML | https://archive.org/download/lastritesnovel00harv/lastritesnovel00harv_marc.xml |
| Download MARC binary | https://www.archive.org/download/lastritesnovel00harv/lastritesnovel00harv_meta.mrc |
LEADER: 00889pam 2200277 a 4500
001 98033766
003 DLC
005 20001003122948.0
008 980721r19991998nyu 000 1 eng
010 $a 98033766
020 $a0805041508 (acid-free paper)
040 $aDLC$cDLC$dDLC
050 00 $aPR6058.A6989$bL37 1999
082 00 $a823/.914$221
100 1 $aHarvey, John,$d1938-
245 10 $aLast rites :$ba novel /$cJohn Harvey.
250 $a1st American ed.
260 $aNew York :$bHenry Holt,$c1999.
300 $a312 p. ;$c25 cm.
490 1 $aThe Charles Resnick novels
500 $a"A Marian Wood book."
650 0 $aResnick, Charlie (Fictitious character)$xFiction.
650 0 $aPolice$zEngland$zNottingham$xFiction.
651 0 $aNottingham (England)$xFiction.
655 7 $aDetective and mystery stories.$2gsafd
800 1 $aHarvey, John,$d1938-$tCharles Resnick novels.